000 00652nam a22002177a 4500
003 UA-OsUOA
001 43619
007 ta
008 20091019b un ||||| |||| 00| 0 ukr d
090 _a82-94(публ.)
_bА65
942 _cBK
040 _aUA-OsUOA
_bukr
_cUA-OsUOA
_dUA-OsUOA
245 _aАндрій Палій -- будівничий та керманич "Маслосоюзу"
300 _a294 с.
955 _a4
041 _aukr
080 _a82-94(публ.)
260 _aТернопіль
_b"Економічна думка"
_c2001
650 7 _a82 Література. Літературознавство
_2UDC
999 _c442093
_d442093